Tramwaje w Poznaniu - nagła śmierć - Statystyki

Ogólne statystyki
  • Ten quiz został rozwiązany 492 razy
  • Średni wynik to 4 z 18
Answers on the Grid
Answers color-coded by a green-red scale on the quiz's grid according to % correct below.
BSI Typ I
Lilpop III
Konstal 105Na
Konstal 105NWr
Moderus Alfa HF07
Moderus Alfa HF04AC
Moderus Alfa HF11AC
Pesa Tramicus 121N
Moderus Beta MF02AC
Moderus Beta MF01
Düwag GT8ZR
Moderus Gamma LF02AC
Moderus Gamma LF06AC
Moderus Gamma LF03ACBD
Moderus Beta MF20AC
Moderus Beta MF22ACBD
Moderus Beta MF28AC
Protram 405N
Solaris Tramino S105p
Solaris Tramino S100
Solaris Tramino S111o
Tatra/Modertrans RT6 MF06AC
Tatra KT4Dt
Tatra T3SUCS
Konstal 114Na
Moderus Gamma LF01AC
Moderus Gamma LF05AC
Siemens Combino
Siemens Avenio
KSW
Konstal 102Na
Konstal N3J
 
Statystyki odpowiedzi
Odpowiedź % Poprawnych
Konstal 105Na
33%
Moderus Gamma LF03ACBD
30%
Solaris Tramino S100
29%
Solaris Tramino S105p
29%
Siemens Combino
28%
Konstal 102Na
27%
Moderus Gamma LF05AC
27%
Tatra/Modertrans RT6 MF06AC
26%
Moderus Alfa HF07
25%
Moderus Beta MF22ACBD
25%
Moderus Gamma LF02AC
25%
Moderus Gamma LF01AC
24%
Düwag GT8ZR
21%
Moderus Beta MF02AC
21%
Moderus Alfa HF04AC
20%
Moderus Beta MF20AC
20%
KSW
14%
BSI Typ I
11%
Nie znaleziono quizów pasujących do podanych kryteriów
Rozkład punktacji
Procent ludzi z każdym wynikiem
Percentyl według liczby udzielonych odpowiedzi
Twoja historia wyników
Nie rozwiązałeś tego quizu